'SIN' States Quiz Stats

Quiz Updated Aug 14, 2012

Challenge
Share
Tweet
Embed
Score 0/10 Timer 02:00
4 Plays Today
'SIN' States % Correct
Wisconsin
89.1%
Washington
79.3%
South Carolina
75.5%
Minnesota
74.8%
Illinois
69.8%
Louisiana
66.2%
Pennsylvania
65.1%
New Hampshire
63.3%
West Virginia
61.1%
Rhode Island
49%

You're not logged in!

Compare scores with friends on all Sporcle quizzes.
Sign Up with Email
OR
Log In

You Might Also Like...

Show Comments

Extras

Top Quizzes Today


Score Distribution

Your Account Isn't Verified!

In order to create a playlist on Sporcle, you need to verify the email address you used during registration. Go to your Sporcle Settings to finish the process.